Pokémon Sauvages - Îles Sevii RFVF - Statistiques

Statistiques générales
  • Ce quiz a été pris 28 fois
  • Le résultat moyen est 255 sur 328
Statistiques - réponses
Lieux Pokémon % Correct
RF Kokiyas
100%
VF Démanta
91%
Mont Braise/extérieur | Plage Trésor | Route Tison | Île 2/Cap Falaise Piafabec
91%
Poissirène
91%
Poissoroy
91%
Rapasdepic
91%
Pont du Lien Roucool
91%
Roucoups
91%
RF Akwakwak
82%
Chenipan
82%
Chrysacier
82%
VF Flagadoss
82%
Hypnomade
82%
VF Krabboss
82%
VF Krabby
82%
Lamantine
82%
Léviator
82%
Lokhlass
82%
(pêche) Magicarpe
82%
Marcacrin
82%
Miaouss
82%
Nosferapti
82%
(sur l'eau) | Grotte de Glace Otaria
82%
Persian
82%
Ponyta
82%
(sur l'eau) RF | RF | VF Psykokwak
82%
RF | VF Ramoloss
82%
VF Rémoraid
82%
Soporifik
82%
VF Stari
82%
(sur l'eau) | Chemin Vert/Île du Lointain(sur l'eau) | Pré/Mémorial/Labyrinthe d'O/Camp de Vacances(sur l'eau) | +3 others Tentacool
82%
Chambres Tanoby Zarbi
82%
Aspicot
73%
RF Axoloto
73%
VF Boustiflor
73%
RF Cadoizo
73%
VF Chétiflor
73%
Coconfort
73%
Coxy
73%
Fantominus
73%
VF Feuforêve
73%
Galopa
73%
Gravalanch
73%
RF Hypocéan
73%
RF Hypotrempe
73%
Limagma
73%
Machoc
73%
Machopeur
73%
VF Magmar
73%
(sur l'eau) VF | VF | Île 4/Ville (sur l'eau)VF Marill
73%
Forbuissons Mimigal
73%
RF Mystherbe
73%
Nosferalto
73%
RF Ortide
73%
Phanpy
73%
Ptitard
73%
RF Qwilfish
73%
Racaillou
73%
Scarhino
73%
Grotte Perdue Spectrum
73%
Tentacruel
73%
Têtarte
73%
Volcaropod
73%
Aéromite
64%
RF Airmure
64%
Caratroc
64%
Embrylex
64%
VF Farfuret
64%
Pré | Île 6/Agualcanal | Île 7/Entrée du Canyon Fouinette
64%
Granivol
64%
Ho-Oh
64%
Île 3/Port Insolourdo
64%
Roc Nombri (Ticketmystik requis) Lugia
64%
Malosse
64%
Mimitoss
64%
Vallée Ruine Natu
64%
Noeunoeuf
64%
Onix
64%
Ossatueur
64%
Osselait
64%
Pomdepik
64%
Qulbutoké
64%
(pokémon statique) Sulfura
64%
Teddiursa
64%
Yanma
64%
Capumain
55%
Cerfrousse
55%
RF Cornèbre
55%
Île Aurore (Ticketaurora requis) Deoxys
55%
Saquedeneu
55%
(spécial-évènement Nintendo) Wattouat
55%
Queulorior
45%
Aucun quiz correspondant
Distribution des résultats
% des personnes avec chaque résultat
Percentile par nombre de réponses
Votre historique - résultats
Vous n’avez pas pris ce quiz